Villes traversées par l'autoroute A84 - autoroute des estuaires - Statistiques

Statistiques générales
  • Ce quiz a été pris 33 fois
  • Le résultat moyen est 4 sur 5
Statistiques - réponses
ville population kilomètre % Correct
Caen 109 177 170
100%
Rennes 229 841 0
100%
Avranches 10 446 73
80%
Fougères 20 839 31
76%
Viré-Normandie 17 135 112
52%
Aucun quiz correspondant
Distribution des résultats
% des personnes avec chaque résultat
Percentile par nombre de réponses
Votre historique - résultats
Vous n’avez pas pris ce quiz